000 00878na a2200265 4500
001 12957
003 MIRAKIL
005 20181213154835.0
008 160831b tu 000 0
020 _a9751921678
035 _a12957
040 _aMilas
_btur
_cTR-AnCHP
082 _a297.63
_bV51w 1999
090 _a297.63 V51w 1999
100 _aVicdani, Ebu Rıdvan M. Sadık
245 _aWhy did the prophet Muhammed contract multiple marriages
_cEbu Rıdvan M. Sadık Vicdani ; translated by Yaşar Çolak
260 _aAnkara
_bDiyanet İşleri Başkanlığı
_c1999
300 _a160 s.
_c19 sm.
490 _aPopüler kitaplar serisi
_v123
490 _aDiyanet İşleri Başkanlığı yayınları
_v426
650 _aEvlilik adetleri ve törenleri
_xİslam dini
650 _aİslamiyet
_xHz. Muhammed
_xEvlilik
700 _aÇolak,Yaşar
942 _2ddc
_cBKS
999 _c1793
_d1793